LEADER 01162nam a2200277 i 4500 001 991000470589707536 005 20230428151030.0 008 941119s1985 it 001 0 ita d 035 $ab10082402-39ule_inst 035 $aLE02516657 040 $aFac. Economia$bita 082 04$a346.450922 082 04$a348.023 100 1 $aSantagata, Carlo$0105307 245 10$aDel mandato :$bdisposizioni generali : Art. 1703-1709 /$cCarlo Santagata 260 $aBologna :$bZanichelli ;$aRoma :$bSoc. ed. del Foro italiano,$c1985 300 $axxii, 603 p. ;$c25 cm 490 1 $aCommentario del codice civile / a cura di Antonio Scialoja e Giuseppe Branca.$aLibro 4. : Delle obbligazioni 650 4$aMandato 907 $a.b10082402$b17-02-17$c27-06-02 912 $a991000470589707536 945 $aLE025 348 CCC/IV (ART.1703-1709)$g1$i2025000015340$lle025$o-$pE0.00$q-$rn$so$t0$u0$v0$w0$x0$y.i10093977$z27-06-02 945 $aLE027 346.45 CCC01.04$cart. 1703-1709$g1$i2027000288342$lle027$o-$pE0.00$q-$rl$so$t0$u0$v0$w0$x0$y.i15333759$z17-10-11 996 $aDel mandato$9195688 997 $aUNISALENTO 998 $ale025$ale027$b01-01-94$cm$da$e-$fita$git$h0$i1